Computer applications in business / (Record no. 41449)

MARC details
000 -LEADER
fixed length control field 00700nam a22002057a 4500
005 - DATE AND TIME OF LATEST TRANSACTION
control field 20100812114028.0
010 ## - LCCN (DPL NO)
LC control number ENG-99879
020 ## - INTERNATIONAL STANDARD BOOK NUMBER
International Standard Book Number 9789350011966
Terms of availability 135.00
035 ## - SYSTEM CONTROL NUMBER
System control number EN-83411
037 ## - SOURCE OF ACQUISITION
Source of stock number/acquisition DBAD/PUB
082 ## - DEWEY DECIMAL CLASSIFICATION NUMBER
Classification number 658.054
100 ## - MAIN ENTRY--PERSONAL NAME
Personal name Muthusamy, D.
245 ## - TITLE STATEMENT
Title Computer applications in business /
Statement of responsibility, etc by D. Muthusamy
260 ## - PUBLICATION, DISTRIBUTION, ETC. (IMPRINT)
Place of publication, distribution, etc Perambalur
Name of publisher, distributor, etc Mercury Printers & Publishers
Date of publication, distribution, etc 2009
270 ## - ADDRESS
City Perambalur
Address Perambalur
Postal code 621212
300 ## - PHYSICAL DESCRIPTION
Extent 165p.
Dimensions 20cm (pbk)
700 ## - ADDED ENTRY--PERSONAL NAME
9 (RLIN) 11824
942 ## - ADDED ENTRY ELEMENTS (KOHA)
Source of classification or shelving scheme Dewey Decimal Classification
Item type English Books
Classification part 658.054
Call number suffix MUT
Holdings
Withdrawn status Lost status Not for loan Collection code Home library Current library Date acquired Source of acquisition Cost, normal purchase price Full call number Barcode Copy number Cost, replacement price Koha item type
    Not For Loan Non-fiction D.B.Act.Division D.B.Act.Division 12/08/2010 DBAD/PUB 135.00 658.054 MUT EN-83411 1 135.00 English Books

© Delhi Public Library
Hit Counter
free hit counter